000 00609nam a2200205Ia 4500
005 20250508162026.0
008 008 250505s9999 xx 000 0 eng d
020 _a0-205-06107-9
037 _aTextual
040 _aFEDL
_beng
_cFEDL
041 _aeng
_2eng
084 _a371.91, TUR
_qFEDL
100 _aTurnbull Ann P
_9772077
245 0 _aMainstreaming handicapped students: A gudie for the classroom teacher
260 _aBoston, USA
_bAllyn and Bacon
_c1947
300 _ax,386p.
700 _a Schulz Jane B
_9772078
942 _cTEXL
_h371.91, TUR
999 _c1373903
_d1373903